Noor ul Huda kalan = نور الھدی کلاں / (Record no. 136027)
[ view plain ]
| 000 -LEADER | |
|---|---|
| fixed length control field | 00467nam a22001577a 4500 |
| 005 - DATE AND TIME OF LATEST TRANSACTION | |
| control field | 20241114112146.0 |
| 008 - FIXED-LENGTH DATA ELEMENTS--GENERAL INFORMATION | |
| fixed length control field | 241114b |||||||| |||| 00| 0 eng d |
| 040 ## - CATALOGING SOURCE | |
| Transcribing agency | PK-LaUMT |
| 082 ## - DEWEY DECIMAL CLASSIFICATION NUMBER | |
| Classification number | 297.4 |
| Item number | SUL-N |
| 100 ## - MAIN ENTRY--PERSONAL NAME | |
| Personal name | Sultan Bahoo = سلطان باہو |
| 245 ## - TITLE STATEMENT | |
| Title | Noor ul Huda kalan = نور الھدی کلاں / |
| Statement of responsibility, etc | by Sultan Bahoo = سلطان باہو |
| 260 ## - PUBLICATION, DISTRIBUTION, ETC. (IMPRINT) | |
| Place of publication, distribution, etc | Lahore : |
| Name of publisher, distributor, etc | Shabir Brothers, |
| Date of publication, distribution, etc | 2007 |
| 300 ## - PHYSICAL DESCRIPTION | |
| Extent | 399 p. |
| 546 ## - LANGUAGE NOTE | |
| Language note | Urdu |
| 942 ## - ADDED ENTRY ELEMENTS (KOHA) | |
| Koha item type | Books |
| Withdrawn status | Lost status | Damaged status | Home library | Current library | Date acquired | Full call number | Barcode | Date last seen | Price effective from | Koha item type |
|---|---|---|---|---|---|---|---|---|---|---|
| UMT Main Campus | UMT Main Campus | 2024-11-14 | 297.4 SUL-N | 147951 | 2024-11-14 | 2024-11-14 | Books |
